[Event "Knighthood Blitz"]
[Site "Vishy Anand Arena"]
[Date "2020.08.01"]
[Round "10"]
[White "Tapa1964"]
[Black "davidcheetah"]
[Result "1-0"]
[WhiteElo "1906"]
[BlackElo "1674"]
[Annotator "NA"]
[PlyCount "127"]
[EventDate "2020.08.01"]
[EventType "swiss (blitz)"]

1. e4 d6 2. d4 Nf6 3. Nc3 c6 4. f4 Qa5 5. Bd3 e5 6. fxe5 dxe5 7. dxe5 Ng4 8. Nf3 Nxe5 9. O-O Bg4 10. Be2 Bxf3 11. Bxf3 Nbd7 12. Bf4 Qb6+ 13. Kh1 Be7 14. Qc1 O-O 15. a4 Nxf3 16. Rxf3 Bf6 17. Qe3 Ne5 18. Bxe5 Bxe5 19. Qg5 Qxb2 20. Rb1 Qxc3 21. Rxc3 Bxc3 22. h3 Rab8 23. Qe3 Be5 24. Qxa7 b5 25. a5 Ra8 26. Qc5 Bc7 27. Qxc6 Bxa5 28. Rxb5 Bd2 29. Rb1 Rac8 30. Qd6 Rxc2 31. Rb8 Rc1+ 32. Kh2 Rcc8 33. Rxc8 Rxc8 34. Qxd2 g6 35. Qd7 Rf8 36. e5 h5 37. Qe7 h4 38. Qxh4 Re8 39. Qf6 Re6 40. Qf4 Kg7 41. h4 Kg8 42. h5 gxh5 43. Qg5+ Kh7 44. Qf5+ Kg7 45. g3 Rg6 46. Kh3 Re6 47. Kg2 Rg6 48. Qxh5 Re6 49. g4 Rg6 50. g5 Re6 51. Kg3 Rg6 52. Kf4 Re6 53. Kf5 Rg6 54. Qh6+ Rxh6 55. gxh6+ Kxh6 56. Kf6 Kh7 57. Kxf7 Kh6 58. e6 Kg5 59. e7 Kf5 60. e8=Q Kf4 61. Qe6 Kg5 62. Qe5+ Kg4 63. Kg6 Kf3 64. Qd4 1-0

[Event "Knighthood Blitz"]
[Site "Vishy Anand Arena"]
[Date "2020.08.01"]
[Round "10"]
[White "Vikas2200"]
[Black "Phoenix92"]
[Result "0-1"]
[WhiteElo "1887"]
[BlackElo "2450"]
[Annotator "NA"]
[PlyCount "150"]
[EventDate "2020.08.01"]
[EventType "swiss (blitz)"]

1. c4 e5 2. Nc3 Nf6 3. Nf3 Nc6 4. g3 Bc5 5. Bg2 d6 6. O-O a6 7. d3 O-O 8. Rb1 h6 9. a3 Ba7 10. b4 Ne7 11. a4 Ng6 12. Be3 Bxe3 13. fxe3 a5 14. b5 c6 15. bxc6 bxc6 16. Qd2 d5 17. cxd5 cxd5 18. Rfc1 Be6 19. Nb5 h5 20. Nc7 Bf5 21. Nxa8 Qxa8 22. Rb5 h4 23. Rxa5 Qd8 24. d4 Ne4 25. Qe1 hxg3 26. hxg3 exd4 27. Nxd4 Qg5 28. Nxf5 Qxf5 29. Bxe4 Qxe4 30. Qf2 Re8 31. Qf3 Qb4 32. Rxd5 Qxa4 33. Rf1 f6 34. Rd4 Qa3 35. Rd3 Qe7 36. Qd5+ Kf8 37. Qd6 Qxd6 38. Rxd6 Rxe3 39. Kf2 Rb3 40. Rfd1 Ne5 41. R6d5 Ng4+ 42. Ke1 Rxg3 43. Rd8+ Kf7 44. R1d7+ Kg6 45. Rg8 Kf5 46. Rdxg7 Kf4 47. Kd2 f5 48. Ra8 Rb3 49. Ra4+ Kg3 50. Rf7 Rb5 51. Ra3+ Kf4 52. Rf3+ Ke4 53. R7xf5 Rxf5 54. Rxf5 Kxf5 55. e4+ Ke5 56. Ke2 Nf6 57. Kf3 Ne8 58. Ke3 Nc7 59. Kf3 Nb5 60. Ke3 Na3 61. Kd3 Nb5 62. Kd2 Nd4 63. Kd3 Ne6 64. Ke3 Nc5 65. Kf3 Nd7 66. Ke3 Nf8 67. Kf3 Ne6 68. Ke3 Ng5 69. Kd3 Nh3 70. Ke3 Nf4 71. Kf3 Ng6 72. Kg4 Ke6 73. Kf3 Ne7 74. Ke3 Nc8 75. Kf3 Nd6 0-1

[Event "Knighthood Blitz"]
[Site "Vishy Anand Arena"]
[Date "2020.08.01"]
[Round "10"]
[White "Rishila"]
[Black "Setumadhav"]
[Result "0-1"]
[WhiteElo "1870"]
[BlackElo "1806"]
[Annotator "NA"]
[PlyCount "82"]
[EventDate "2020.08.01"]
[EventType "swiss (blitz)"]

1. d4 Nf6 2. c4 g6 3. g3 Bg7 4. Bg2 O-O 5. Nc3 d6 6. Nf3 c6 7. e3 Nbd7 8. O-O e5 9. b3 Qc7 10. Bb2 Rd8 11. Rc1 Nf8 12. d5 c5 13. e4 h5 14. h3 N8h7 15. Rc2 Qe7 16. Ne1 a6 17. a4 Ne8 18. Kh2 Bd7 19. Bc1 Nc7 20. f4 exf4 21. gxf4 b5 22. axb5 axb5 23. f5 Bxc3 24. Rxc3 Qe5+ 25. Kh1 Qxc3 26. fxg6 fxg6 27. e5 Qxe5 28. Qc2 Bf5 29. Qd2 bxc4 30. bxc4 Qd4 31. Qh6 Qg7 32. Qd2 Re8 33. Bb2 Ra2 34. Bxg7 Rxd2 35. Bh6 Rde2 36. Nf3 Nf6 37. Ng5 Re1 38. Kg1 Rxf1+ 39. Kxf1 Ne4 40. Nxe4 Bxe4 41. Bxe4 Rxe4 0-1

[Event "Knighthood Blitz"]
[Site "Vishy Anand Arena"]
[Date "2020.08.01"]
[Round "10"]
[White "Anandfan"]
[Black "Zanta"]
[Result "0-1"]
[WhiteElo "1817"]
[BlackElo "1962"]
[Annotator "NA"]
[PlyCount "84"]
[EventDate "2020.08.01"]
[EventType "swiss (blitz)"]

1. d4 Nf6 2. Nc3 d5 3. Bg5 Nbd7 4. Qd3 c5 5. e4 cxd4 6. Bxf6 dxc3 7. Bxc3 dxe4 8. Qxe4 e6 9. O-O-O Bc5 10. Bb5 Qg5+ 11. f4 Be3+ 12. Qxe3 Qxb5 13. Nf3 O-O 14. Nd4 Qc5 15. g4 Nf6 16. Qf3 Nd5 17. Nb3 Qe3+ 18. Qxe3 Nxe3 19. Rdg1 b6 20. Rg3 Bb7 21. Re1 Nd5 22. Bd2 Rac8 23. f5 exf5 24. gxf5 Rfe8 25. Rxe8+ Rxe8 26. c4 Nf6 27. Bc3 Kf8 28. Bxf6 gxf6 29. c5 Bd5 30. cxb6 axb6 31. Kd2 Re5 32. Nd4 Bxa2 33. Ra3 Bc4 34. b3 Bd5 35. Kd3 Be4+ 36. Kd2 Bxf5 37. Ra8+ Kg7 38. Rb8 Rd5 39. Ke3 Be6 40. Nxe6+ fxe6 41. Rb7+ Kg6 42. Rxb6 Re5+ 0-1

[Event "Knighthood Blitz"]
[Site "Vishy Anand Arena"]
[Date "2020.08.01"]
[Round "10"]
[White "Vishveshk"]
[Black "Syamantak"]
[Result "1-0"]
[WhiteElo "1813"]
[BlackElo "1433"]
[Annotator "NA"]
[PlyCount "35"]
[EventDate "2020.08.01"]
[EventType "swiss (blitz)"]

1. e4 e5 2. Nc3 Bc5 3. Bc4 Nf6 4. f4 exf4 5. Nf3 O-O 6. d4 Bb4 7. e5 Ne4 8. Qd3 Nxc3 9. bxc3 Ba5 10. Bxf4 Re8 11. Bxf7+ Kxf7 12. Ng5+ Ke7 13. Qxh7 Rg8 14. O-O d6 15. Bg3 Be6 16. Qg6 Qd7 17. Bh4 Bxc3 18. Nxe6# 1-0

[Event "Knighthood Blitz"]
[Site "Vishy Anand Arena"]
[Date "2020.08.01"]
[Round "10"]
[White "hussaini786"]
[Black "IndianKing97"]
[Result "0-1"]
[WhiteElo "1786"]
[BlackElo "2403"]
[Annotator "NA"]
[PlyCount "30"]
[EventDate "2020.08.01"]
[EventType "swiss (blitz)"]

1. e4 c5 2. Nf3 e6 3. d4 cxd4 4. Nxd4 Nc6 5. Nb3 Nf6 6. f3 d5 7. exd5 exd5 8. Be3 Bd6 9. Bd3 Qc7 10. g3 Bh3 11. Nc3 a6 12. a4 O-O 13. Kf2 Rfe8 14. Bg5 Qb6+ 15. Be3 Qxe3# 0-1

[Event "Knighthood Blitz"]
[Site "Vishy Anand Arena"]
[Date "2020.08.01"]
[Round "10"]
[White "Thee_Riddler"]
[Black "Kadamomm"]
[Result "0-1"]
[WhiteElo "1770"]
[BlackElo "1943"]
[Annotator "NA"]
[PlyCount "94"]
[EventDate "2020.08.01"]
[EventType "swiss (blitz)"]

1. e4 g6 2. d4 Bg7 3. Nc3 c6 4. Be3 d5 5. e5 Nh6 6. f3 O-O 7. Qd2 Nf5 8. Bf4 f6 9. O-O-O Nd7 10. g4 Nxd4 11. exf6 Bxf6 12. Bg5 e5 13. Bxf6 Qxf6 14. Bg2 Nb6 15. Nge2 Nc4 16. Qd3 Nxe2+ 17. Qxe2 Be6 18. h4 Rae8 19. h5 Bf7 20. Kb1 Qe7 21. Qf2 Qb4 22. b3 Qxc3 23. bxc4 Qxc4 24. Qd2 d4 25. Qa5 b6 26. Qa3 Rd8 27. Bf1 Qd5 28. Bd3 Qd6 29. Qb2 gxh5 30. gxh5 Bd5 31. Rdg1+ Kh8 32. h6 Bxf3 33. Rg7 Rd7 34. Rhg1 e4 35. Bc4 Rdd8 36. Bb3 Qxh6 37. Qa3 Qxg7 38. Rxg7 Kxg7 39. Qe7+ Kh8 40. Qxa7 e3 41. Qxb6 Rde8 42. Qc5 Rf5 43. Qd6 Rfe5 44. Qd7 e2 45. Qd6 e1=Q+ 46. Kb2 Qc3+ 47. Ka3 Ra5# 0-1

[Event "Knighthood Blitz"]
[Site "Vishy Anand Arena"]
[Date "2020.08.01"]
[Round "10"]
[White "Anandgary"]
[Black "Whitefalcon"]
[Result "0-1"]
[WhiteElo "1755"]
[BlackElo "1959"]
[Annotator "NA"]
[PlyCount "100"]
[EventDate "2020.08.01"]
[EventType "swiss (blitz)"]

1. e4 e5 2. Nf3 Nc6 3. d4 exd4 4. Bc4 Nf6 5. e5 d5 6. Bb5 Ne4 7. Nxd4 Bd7 8. Bxc6 bxc6 9. O-O Bc5 10. f3 Ng5 11. f4 Ne4 12. Be3 O-O 13. Nd2 Nxd2 14. Qxd2 f6 15. exf6 Qxf6 16. b4 Bb6 17. Nb3 Bxe3+ 18. Qxe3 Rfe8 19. Qd2 Re7 20. Nc5 Rae8 21. Rae1 Bf5 22. c3 Be4 23. Re2 Bg6 24. Rfe1 Rxe2 25. Rxe2 Rxe2 26. Qxe2 h6 27. Qe3 Kf7 28. Qe5 Qxe5 29. fxe5 Ke7 30. Kf2 Bb1 31. a4 g6 32. Ke3 Bf5 33. Kf4 Bc2 34. a5 Bb1 35. g4 Bc2 36. h4 Bd1 37. g5 h5 38. Ke3 Bc2 39. Kd4 Bb1 40. Nb3 Bc2 41. Nd2 Ke6 42. Nf3 Kf5 43. Ne1 Be4 44. a6 Ke6 45. c4 Kf5 46. b5 cxb5 47. cxb5 Ke6 48. Kc5 Kxe5 49. Kc6 d4+ 50. Kxc7 d3 0-1

[Event "Knighthood Blitz"]
[Site "Vishy Anand Arena"]
[Date "2020.08.01"]
[Round "10"]
[White "saisujan2005"]
[Black "Rahulraj"]
[Result "0-1"]
[WhiteElo "1743"]
[BlackElo "1722"]
[Annotator "NA"]
[PlyCount "106"]
[EventDate "2020.08.01"]
[EventType "swiss (blitz)"]

1. d4 Nf6 2. c4 e6 3. Nc3 Bb4 4. Qc2 O-O 5. Bg5 c5 6. dxc5 Bxc5 7. Nf3 h6 8. Bh4 Bb4 9. e3 Nc6 10. a3 Bxc3+ 11. Qxc3 g5 12. Nxg5 hxg5 13. Bxg5 e5 14. h4 Kg7 15. e4 Nd4 16. Qg3 Nxe4 17. Qxe5+ f6 18. Qxd4 Nxg5 19. hxg5 Qa5+ 20. b4 Re8+ 21. Be2 Qxg5 22. Qd3 Qg6 23. Qf3 d6 24. O-O-O Bf5 25. Rd5 Re4 26. Rxd6 Rae8 27. Bd3 Qg5+ 28. Kb1 Re1+ 29. Rxe1 Rxe1+ 30. Kc2 Qc1+ 31. Kb3 Qd1+ 32. Qxd1 Rxd1 33. Kc3 Bg6 34. Rd7+ Kh6 35. Rd6 Bxd3 36. Rxd3 Ra1 37. Rh3+ Kg7 38. Kb3 Rb1+ 39. Ka4 Rc1 40. Rg3+ Kf7 41. c5 Rc2 42. Rh3 Rxf2 43. Rh7+ Ke6 44. Rxb7 Rxg2 45. Rxa7 Kd5 46. c6 Kxc6 47. Ra6+ Kb7 48. Rxf6 Rg5 49. Rf5 Rxf5 50. b5 Kb6 51. Kb4 Rxb5+ 52. Kc3 Rc5+ 53. Kb4 Kc6 0-1

[Event "Knighthood Blitz"]
[Site "Vishy Anand Arena"]
[Date "2020.08.01"]
[Round "10"]
[White "Ishan2559"]
[Black "theraisingsun"]
[Result "0-1"]
[WhiteElo "1742"]
[BlackElo "1764"]
[Annotator "NA"]
[PlyCount "166"]
[EventDate "2020.08.01"]
[EventType "swiss (blitz)"]

1. e4 b6 2. d4 Bb7 3. Nc3 g6 4. Nf3 Bg7 5. Bc4 e6 6. O-O Ne7 7. Re1 O-O 8. Bg5 f5 9. e5 h6 10. Bd2 g5 11. h3 a5 12. a4 Na6 13. d5 Nc5 14. dxe6 dxe6 15. Qe2 Nd5 16. Nb5 Qe7 17. Rad1 Rfd8 18. b4 axb4 19. Bxd5 Bxd5 20. Bxb4 Rxa4 21. c3 Bf8 22. Nfd4 c6 23. Nd6 Qd7 24. Qh5 Qg7 25. N4xf5 exf5 26. Nxf5 Qf7 27. Nxh6+ Bxh6 28. Qxh6 Ne6 29. Bd6 b5 30. Re3 Rf4 31. Rg3 Rxf2 32. h4 Rc2 33. Rxg5+ Nxg5 34. Qxg5+ Kh8 35. Qxd8+ Kh7 36. Qg5 Rxg2+ 37. Qxg2 Bxg2 38. Kxg2 Qg6+ 39. Kf2 Qc2+ 40. Ke1 Qe4+ 41. Kf2 Qxh4+ 42. Ke2 Qh2+ 43. Kd3 Qg3+ 44. Kc2 Qf2+ 45. Rd2 Qf5+ 46. Kb2 Qe4 47. Bb4 Qxe5 48. Rd7+ Kg6 49. Rd2 c5 50. Ba5 Kf6 51. Bd8+ Ke6 52. Bh4 Qe3 53. Kc2 Kf7 54. Bf2 Qe4+ 55. Kb2 c4 56. Bd4 Qc6 57. Rf2+ Ke7 58. Kc2 Ke6 59. Kd2 Kd7 60. Re2 Qd5 61. Re5 Qg2+ 62. Ke3 Kc6 63. Rc5+ Kd6 64. Kf4 Qh2+ 65. Kg5 Qg2+ 66. Kf5 Qb7 67. Re5 Qf7+ 68. Ke4 Kc6 69. Rc5+ Kb7 70. Rxb5+ Ka6 71. Rb4 Ka5 72. Rxc4 Qxc4 73. Ke5 Kb5 74. Kd6 Qc6+ 75. Ke5 Kc4 76. Kf4 Qd5 77. Ke3 Qe6+ 78. Kd2 Qe4 79. Kc1 Kb3 80. Kd1 Qg2 81. Be3 Kxc3 82. Bf2 Qxf2 83. Kc1 Qe1# 0-1

[Event "Knighthood Blitz"]
[Site "Vishy Anand Arena"]
[Date "2020.08.01"]
[Round "10"]
[White "F Manish Anto Cristiano"]
[Black "Angappan"]
[Result "1-0"]
[WhiteElo "1741"]
[BlackElo "1503"]
[Annotator "NA"]
[PlyCount "101"]
[EventDate "2020.08.01"]
[EventType "swiss (blitz)"]

1. e4 e5 2. Nf3 Nf6 3. Bc4 Nc6 4. Ng5 d5 5. exd5 Na5 6. Bb5+ c6 7. dxc6 Nxc6 8. Bc4 Nd5 9. Qf3 Qxg5 10. Bxd5 Qg6 11. Be4 Qf6 12. Qxf6 gxf6 13. Nc3 Nd4 14. Ne2 f5 15. Nxd4 fxe4 16. Nb5 Kd7 17. O-O a6 18. Nc3 Bc5 19. Nxe4 Ba7 20. d3 f5 21. Nc3 b5 22. Be3 Bb8 23. a3 Bb7 24. f3 Rg8 25. Kf2 h5 26. Rfe1 f4 27. Bc5 Kc6 28. b4 a5 29. Ne4 axb4 30. axb4 Rxa1 31. Rxa1 Kd7 32. c4 bxc4 33. dxc4 Ke6 34. Ba7 Bc7 35. Nc5+ Kd6 36. Nxb7+ Kc6 37. Na5+ Bxa5 38. Rxa5 Rd8 39. Ke2 Rd4 40. Bxd4 exd4 41. Kd3 h4 42. Kxd4 h3 43. gxh3 Kd6 44. b5 Ke6 45. b6 Kd6 46. Rb5 Kc6 47. b7 Kd6 48. b8=Q+ Ke6 49. Re5+ Kf6 50. Qf8+ Kg6 51. Qf5+ 1-0

[Event "Knighthood Blitz"]
[Site "Vishy Anand Arena"]
[Date "2020.08.01"]
[Round "10"]
[White "ElectroWizzard"]
[Black "Arunava"]
[Result "0-1"]
[WhiteElo "1713"]
[BlackElo "1757"]
[Annotator "NA"]
[PlyCount "68"]
[EventDate "2020.08.01"]
[EventType "swiss (blitz)"]

1. e4 c5 2. Nf3 e6 3. Bd3 Nc6 4. c3 Nf6 5. Bc2 d5 6. e5 Nd7 7. d4 Be7 8. O-O b6 9. Re1 Bb7 10. Nbd2 Rc8 11. Nf1 cxd4 12. cxd4 Nb4 13. Bb3 Ba6 14. Re3 Nf8 15. a3 Nc6 16. Ng3 Ng6 17. Re1 Nh4 18. Be3 Nxf3+ 19. Qxf3 O-O 20. Rac1 Na5 21. Bc2 f5 22. exf6 Bxf6 23. Qh5 g6 24. Qh6 Bg7 25. Qh3 Qd7 26. Ne2 Nc4 27. Nf4 Rce8 28. Nxg6 hxg6 29. Bxg6 Bf6 30. Bxe8 Qxe8 31. Bh6 Rf7 32. Rxe6 Re7 33. Rxf6 Re1+ 34. Rxe1 Qxe1# 0-1

[Event "Knighthood Blitz"]
[Site "Vishy Anand Arena"]
[Date "2020.08.01"]
[Round "10"]
[White "Mandy64theking"]
[Black "Vijayreddy29"]
[Result "0-1"]
[WhiteElo "1690"]
[BlackElo "1656"]
[Annotator "NA"]
[PlyCount "68"]
[EventDate "2020.08.01"]
[EventType "swiss (blitz)"]

1. e4 e6 2. d3 d5 3. Nd2 Nf6 4. Ngf3 c5 5. e5 Nfd7 6. g3 Nc6 7. Qe2 Qc7 8. Bg2 Ncxe5 9. O-O Bd6 10. Nxe5 Nxe5 11. f4 Nc6 12. f5 O-O 13. f6 Be5 14. fxg7 Bxg7 15. Nf3 b6 16. Ng5 Bb7 17. Qh5 h6 18. Nh3 Qe5 19. Qd1 Nd4 20. Re1 Qf6 21. c3 Nf5 22. Nf4 Rab8 23. Rf1 Qe7 24. Nh5 d4 25. Qg4 Bxg2 26. Kxg2 Kh7 27. Rxf5 Rg8 28. Rf1 f5 29. Qh3 Qb7+ 30. Kg1 Qf7 31. Nxg7 Qxg7 32. Rxf5 exf5 33. Qxf5+ Qg6 34. Bf4 Qxf5 0-1

[Event "Knighthood Blitz"]
[Site "Vishy Anand Arena"]
[Date "2020.08.01"]
[Round "10"]
[White "Padmaesh M K"]
[Black "Ym27"]
[Result "1-0"]
[WhiteElo "1679"]
[BlackElo "1549"]
[Annotator "NA"]
[PlyCount "89"]
[EventDate "2020.08.01"]
[EventType "swiss (blitz)"]

1. Nf3 Nf6 2. g3 g6 3. Bg2 Bg7 4. O-O O-O 5. d4 d5 6. c4 e6 7. Nc3 Nbd7 8. cxd5 Nxd5 9. Nxd5 exd5 10. Bf4 Nf6 11. Rc1 c6 12. Qb3 Ne4 13. Ne5 Re8 14. Bxe4 dxe4 15. Nxf7 Be6 16. Nxd8 Bxb3 17. Nxb7 Bd5 18. e3 Rab8 19. Bxb8 Rxb8 20. Nc5 Rxb2 21. a4 Rb8 22. Rb1 Rd8 23. Rb7 Bc4 24. Rfb1 a6 25. Rb8 Rxb8 26. Rxb8+ Kf7 27. Rb7+ Kf6 28. Rb6 Kg5 29. Nxa6 Bf6 30. Rxc6 Bd3 31. Nc5 Kg4 32. Nxd3 exd3 33. Rc3 Kf3 34. Rxd3 Ke4 35. Ra3 Be7 36. a5 Bxa3 37. a6 Bd6 38. a7 Kf5 39. a8=Q Be7 40. Qd5+ Kf6 41. Qe5+ Kf7 42. d5 Ke8 43. d6 Kd8 44. Qxe7+ Kc8 45. Qc7# 1-0

[Event "Knighthood Blitz"]
[Site "Vishy Anand Arena"]
[Date "2020.08.01"]
[Round "10"]
[White "Varun_nair"]
[Black "Suyash45"]
[Result "0-1"]
[WhiteElo "1677"]
[BlackElo "1976"]
[Annotator "NA"]
[PlyCount "80"]
[EventDate "2020.08.01"]
[EventType "swiss (blitz)"]

1. d4 c5 2. dxc5 e6 3. Bf4 Bxc5 4. Nf3 Nf6 5. e3 O-O 6. Nc3 d5 7. Bd3 Nc6 8. O-O Re8 9. Ne5 Nxe5 10. Bxe5 Bd7 11. Qf3 Rc8 12. Qh3 h6 13. f4 Nh7 14. Rf3 f6 15. Rg3 fxe5 16. Qxh6 Bxe3+ 17. Kh1 Qf6 18. Bxh7+ Kf8 19. Qxf6+ gxf6 20. Rxe3 d4 21. Rd3 Re7 22. fxe5 dxc3 23. Be4 cxb2 24. Rb1 f5 25. Bxb7 Rxc2 26. Re3 Rc1+ 27. Re1 Rxe1+ 28. Rxe1 Ba4 29. Rb1 Rxb7 30. h4 Bc2 31. Re1 b1=Q 32. Rxb1 Rxb1+ 33. Kh2 Rb2 34. h5 Be4 35. h6 Rxg2+ 36. Kh3 Kg8 37. Kh4 Kh7 38. Kh5 f4 39. Kh4 f3 40. a4 f2 0-1

[Event "Knighthood Blitz"]
[Site "Vishy Anand Arena"]
[Date "2020.08.01"]
[Round "10"]
[White "Sohammdh"]
[Black "samjrao"]
[Result "1-0"]
[WhiteElo "1665"]
[BlackElo "1708"]
[Annotator "NA"]
[PlyCount "87"]
[EventDate "2020.08.01"]
[EventType "swiss (blitz)"]

1. e4 e6 2. d4 d5 3. Nc3 dxe4 4. Nxe4 Nd7 5. Nf3 Ngf6 6. Nxf6+ Nxf6 7. Be2 Be7 8. O-O O-O 9. Be3 Nd5 10. c4 Nxe3 11. fxe3 c5 12. Qd2 cxd4 13. exd4 Bf6 14. Rad1 b6 15. Kh1 Bb7 16. Qc2 Rc8 17. Bd3 h6 18. b3 Bxf3 19. Rxf3 Bxd4 20. Bh7+ Kh8 21. Rfd3 e5 22. Bf5 Rc6 23. Rh3 Rf6 24. Be4 Qe7 25. Qd3 Rd8 26. Bd5 Rxd5 27. cxd5 Qc5 28. Qc4 Qd6 29. Qc8+ Kh7 30. Qc2+ Kg8 31. Qc8+ Kh7 32. Qc2+ g6 33. Qd2 h5 34. Qg5 Rf5 35. Qd2 Qxd5 36. Rg3 Qb5 37. Qc1 Bb2 38. Qb1 Bd4 39. Qd3 Qxd3 40. Rgxd3 Rf2 41. R3d2 Rxd2 42. Rxd2 f5 43. g3 f4 44. gxf4 1-0

[Event "Knighthood Blitz"]
[Site "Vishy Anand Arena"]
[Date "2020.08.01"]
[Round "10"]
[White "Rakeshkul"]
[Black "Vamsidasarik"]
[Result "1-0"]
[WhiteElo "1652"]
[BlackElo "1664"]
[Annotator "NA"]
[PlyCount "73"]
[EventDate "2020.08.01"]
[EventType "swiss (blitz)"]

1. e4 b6 2. f4 Bb7 3. Nc3 g6 4. Nf3 Bg7 5. Bc4 e6 6. O-O Ne7 7. e5 d5 8. Bb3 O-O 9. d3 Nd7 10. Bd2 Nc5 11. Be1 a6 12. Bf2 Qd7 13. a4 Nxb3 14. cxb3 c5 15. d4 cxd4 16. Bxd4 Qd8 17. Qe2 Nf5 18. Qf2 Nxd4 19. Qxd4 Rb8 20. b4 Qc7 21. Rfc1 Qd7 22. b5 axb5 23. Nxb5 Ba6 24. Rc7 Qd8 25. Rac1 Bxb5 26. axb5 Re8 27. Qb4 Bf8 28. Qb3 Bc5+ 29. Kh1 Qxc7 30. Nd4 Qc8 31. Nc6 Rb7 32. g4 Rc7 33. f5 Rxc6 34. bxc6 Qxc6 35. f6 Qd7 36. Rxc5 Qc7 37. Rxc7 1-0

[Event "Knighthood Blitz"]
[Site "Vishy Anand Arena"]
[Date "2020.08.01"]
[Round "10"]
[White "Chess1311"]
[Black "HarshPandit"]
[Result "1-0"]
[WhiteElo "1645"]
[BlackElo "1626"]
[Annotator "NA"]
[PlyCount "71"]
[EventDate "2020.08.01"]
[EventType "swiss (blitz)"]

1. d4 d5 2. c4 e6 3. cxd5 exd5 4. Nf3 Nf6 5. Nc3 Bd6 6. Bg5 c6 7. e3 O-O 8. Bd3 Be6 9. Qc2 Nbd7 10. Bxh7+ Kh8 11. Bd3 Be7 12. O-O c5 13. dxc5 Nxc5 14. Bxf6 Bxf6 15. Be2 Rc8 16. Rad1 Ne4 17. Qb3 Nxc3 18. bxc3 b6 19. Rc1 d4 20. c4 dxe3 21. fxe3 Qc7 22. Nd4 Bd7 23. Nf5 Qc5 24. Bg4 Bxf5 25. Rxf5 Rcd8 26. Rxc5 bxc5 27. e4 Rfe8 28. Qh3+ Kg8 29. Bf5 Bd4+ 30. Kh1 g6 31. Bd7 Re7 32. Bc6 Kg7 33. Bd5 Be5 34. Rb1 Bd4 35. g3 Ree8 36. Rb7 1-0

[Event "Knighthood Blitz"]
[Site "Vishy Anand Arena"]
[Date "2020.08.01"]
[Round "10"]
[White "Samay Raina"]
[Black "SubashRaj"]
[Result "1-0"]
[WhiteElo "1592"]
[BlackElo "1551"]
[Annotator "NA"]
[PlyCount "67"]
[EventDate "2020.08.01"]
[EventType "swiss (blitz)"]

1. c4 e5 2. Nc3 Nf6 3. Nf3 Nc6 4. d4 exd4 5. Nxd4 Nxd4 6. Qxd4 d6 7. Bg5 Be7 8. e4 Be6 9. Be2 Qd7 10. O-O h6 11. Be3 c5 12. Qd3 Ng4 13. Bd2 Ne5 14. Qg3 Nxc4 15. Bxc4 Bxc4 16. Rfd1 Bf6 17. Bf4 O-O-O 18. Bxd6 Qe6 19. Bb8 Qc6 20. Nd5 Bxd5 21. exd5 Rxd5 22. Rxd5 Bh4 23. Qg4+ Qe6 24. Rxc5+ Kd7 25. Rd1+ Ke7 26. Rc7+ Kf6 27. Qxh4+ g5 28. Qd4+ Kf5 29. Rc5+ Kg6 30. Qd3+ f5 31. Rd5 Qf7 32. Rxf5 Re8 33. Qd8 Kh5 34. Rxg5+ 1-0

[Event "Knighthood Blitz"]
[Site "Vishy Anand Arena"]
[Date "2020.08.01"]
[Round "10"]
[White "Sanjo_hunter"]
[Black "divyang2003"]
[Result "0-1"]
[WhiteElo "1586"]
[BlackElo "1489"]
[Annotator "NA"]
[PlyCount "94"]
[EventDate "2020.08.01"]
[EventType "swiss (blitz)"]

1. e4 e5 2. Nf3 Nc6 3. Bc4 Bc5 4. d3 h6 5. Nc3 Nf6 6. Ne2 d6 7. h3 Be6 8. Bb5 Bd7 9. Ng3 a6 10. Bc4 Be6 11. Bb3 Qd7 12. Qe2 Bb6 13. Nh4 g6 14. Be3 Bxe3 15. Qxe3 Ne7 16. Bxe6 Qxe6 17. Ke2 Kd7 18. Nf3 c6 19. a3 c5 20. c4 Raf8 21. Rab1 Nc6 22. b4 Nd4+ 23. Nxd4 cxd4 24. Qd2 g5 25. Nf5 Ng8 26. g3 Ne7 27. Ng7 Qg6 28. Nf5 Nxf5 29. exf5 Qxf5 30. g4 Qg6 31. f3 f5 32. Rbf1 f4 33. Kf2 Rc8 34. Rc1 h5 35. c5 hxg4 36. hxg4 Rxh1 37. Rxh1 dxc5 38. bxc5 Rxc5 39. Qb2 Qc6 40. Rh7+ Kc8 41. Qb3 Rc2+ 42. Ke1 Qc3+ 43. Kf1 Qxb3 44. Rh8+ Kc7 45. Rh7+ Kb6 46. Rh6+ Ka7 47. Rh1 Qb1# 0-1

[Event "Knighthood Blitz"]
[Site "Vishy Anand Arena"]
[Date "2020.08.01"]
[Round "10"]
[White "Architsaigal"]
[Black "suresh agarwal"]
[Result "1-0"]
[WhiteElo "1581"]
[BlackElo "1426"]
[Annotator "NA"]
[PlyCount "55"]
[EventDate "2020.08.01"]
[EventType "swiss (blitz)"]

1. e4 e5 2. Nf3 Nc6 3. d4 exd4 4. Bc4 Bc5 5. c3 dxc3 6. Nxc3 Nf6 7. e5 Qe7 8. O-O Ng4 9. Bg5 Nxf2 10. Rxf2 Bxf2+ 11. Kxf2 Qc5+ 12. Be3 Qxc4 13. Nd5 Ne7 14. Nf4 O-O 15. b3 Qc3 16. Rc1 Qa5 17. Qd3 Qxa2+ 18. Kg1 Qa6 19. Qc2 Ng6 20. Ng5 h6 21. Nxf7 Rxf7 22. Qxg6 Qxg6 23. Nxg6 Kh7 24. Nf4 Re7 25. Bd4 d6 26. exd6 cxd6 27. Bf2 Bf5 28. Nd5 1-0

[Event "Knighthood Blitz"]
[Site "Vishy Anand Arena"]
[Date "2020.08.01"]
[Round "10"]
[White "Karthikmurux"]
[Black "Bennyjoseph"]
[Result "1-0"]
[WhiteElo "1562"]
[BlackElo "1559"]
[Annotator "NA"]
[PlyCount "69"]
[EventDate "2020.08.01"]
[EventType "swiss (blitz)"]

1. Nf3 d5 2. g3 f5 3. d4 e6 4. Bg2 Nf6 5. O-O Nc6 6. Bg5 Be7 7. c3 Qd6 8. Bf4 Qd7 9. Ne5 Nxe5 10. Bxe5 b6 11. c4 Bb7 12. cxd5 Nxd5 13. a3 O-O-O 14. b4 Bf6 15. Qc2 Bxe5 16. dxe5 g5 17. Nc3 Nxc3 18. Qxc3 Bxg2 19. Kxg2 Qd5+ 20. Kg1 f4 21. Rac1 Rd7 22. Rfd1 Qxd1+ 23. Rxd1 Rxd1+ 24. Kg2 f3+ 25. exf3 Rhd8 26. Qc6 R1d3 27. Qxe6+ Kb7 28. Qf6 g4 29. fxg4 Rxa3 30. e6 Rad3 31. e7 Re8 32. Qf7 Rxg3+ 33. Kxg3 Rxe7 34. Qxe7 h5 35. gxh5 1-0

[Event "Knighthood Blitz"]
[Site "Vishy Anand Arena"]
[Date "2020.08.01"]
[Round "10"]
[White "Sohamshirode28"]
[Black "Vishvajeet Singh"]
[Result "0-1"]
[WhiteElo "1547"]
[BlackElo "1701"]
[Annotator "NA"]
[PlyCount "104"]
[EventDate "2020.08.01"]
[EventType "swiss (blitz)"]

1. c4 e5 2. g3 Nf6 3. Bg2 c6 4. d4 e4 5. d5 cxd5 6. cxd5 Bb4+ 7. Bd2 Na6 8. a3 Qa5 9. Bxb4 Nxb4 10. Nc3 Nbxd5 11. Qd4 Nxc3 12. bxc3 O-O 13. Nh3 d5 14. Nf4 Be6 15. O-O Rac8 16. Rfc1 Qc5 17. Nxe6 fxe6 18. Bh3 Kf7 19. Qe5 Rfe8 20. c4 Qc7 21. Qxc7+ Rxc7 22. cxd5 Rxc1+ 23. Rxc1 exd5 24. e3 b6 25. Kf1 g5 26. Bf5 Re5 27. g4 Re7 28. Ke2 h6 29. Rc6 Rb7 30. Kd2 a5 31. Kc3 b5 32. Ra6 b4+ 33. Kb3 bxa3+ 34. Kxa3 Rb5 35. Ra7+ Kf8 36. Ka4 Rc5 37. Rxa5 Rxa5+ 38. Kxa5 Ke7 39. Kb5 Kd6 40. Kb6 Ke5 41. h3 Ne8 42. Kc5 Nd6 43. Kb4 Nc4 44. Kc3 Nd6 45. Kc2 Nxf5 46. gxf5 Kxf5 47. Kc3 Ke5 48. Kc2 h5 49. Kd2 g4 50. Kc1 gxh3 51. Kd1 h2 52. Ke2 h1=Q 0-1

[Event "Knighthood Blitz"]
[Site "Vishy Anand Arena"]
[Date "2020.08.01"]
[Round "10"]
[White "Gonda"]
[Black "Lazylemon123"]
[Result "1-0"]
[WhiteElo "1544"]
[BlackElo "1582"]
[Annotator "NA"]
[PlyCount "99"]
[EventDate "2020.08.01"]
[EventType "swiss (blitz)"]

1. e4 e5 2. Nf3 Nc6 3. Bb5 d6 4. O-O Bd7 5. h3 a6 6. Ba4 Nf6 7. d3 Be7 8. c3 h5 9. Bc2 Be6 10. d4 exd4 11. cxd4 Bd7 12. Bg5 Nh7 13. Bxe7 Qxe7 14. Re1 O-O-O 15. Nc3 Rdg8 16. e5 dxe5 17. dxe5 g5 18. Nh2 g4 19. Nd5 Qd8 20. g3 gxh3 21. Nf3 h4 22. Nxh4 Qxh4 23. Kh2 Qd8 24. Qf3 Ng5 25. Qf6 Qxf6 26. Nxf6 Rg6 27. Re3 Nxe5 28. Bxg6 Nef3+ 29. Kh1 fxg6 30. Nxd7 Kxd7 31. Rd1+ Kc8 32. Red3 h2 33. Rd5 Nh3 34. Rf1 Rd8 35. Rxd8+ Kxd8 36. b4 Ke7 37. a4 Kd6 38. Kg2 b5 39. axb5 axb5 40. Kxf3 Ng5+ 41. Kg2 Kd5 42. Kxh2 Kc4 43. Rb1 Nf3+ 44. Kg2 Nd2 45. Rc1+ Kxb4 46. Rxc7 Ka4 47. Rg7 Kb4 48. Rxg6 Ka4 49. Rb6 Kb4 50. Rb8 1-0